Movie Character Blitz III Quiz Stats

Quiz Updated Dec 12, 2017

Challenge
Share
Tweet
Score 0/16 Timer 01:00
0 Plays Today
% Correct
Willy Wonka
95.1%
Robin Hood
94.9%
Stay Puft Marshmallow Man
94.9%
Mary Poppins
94.8%
Jason Bourne
93.9%
Gollum
93.4%
John Rambo
93%
Beetlejuice
93%
% Correct
Maximus
91.3%
Katniss Everdeen
90.9%
Napoleon Dynamite
89.8%
Juno MacGuff
83.4%
The Bride
80.5%
Elle Woods
79.4%
Miranda Priestly
78.1%
Cher Horowitz
77.3%

You're not logged in!

Compare scores with friends on all Sporcle quizzes.
Sign Up with Email
OR
Log In

You Might Also Like...

Show Comments

Extras

Top Quizzes Today


Score Distribution

Your Account Isn't Verified!

In order to create a playlist on Sporcle, you need to verify the email address you used during registration. Go to your Sporcle Settings to finish the process.

Report this User

Report this user for behavior that violates our Community Guidelines.

Details: